Statistics for Medal Table Summer Olympics - Rugby Sevens

Click here to take the quiz!

General Stats

  • This quiz has been taken 15 times
  • The average score is 7 of 8

Answer Stats

GoldSilverBronzeTotalCountries% Correct
1001Australia
100%
2013Fiji
100%
0101Great Britain
100%
1203New Zealand
100%
0011South Africa
100%
0101France
80%
0011Argentina
73%
0011Canada
53%

Score Distribution

Percentile by Number Answered

Percent of People with Each Score

Your Score History

You have not taken this quiz